GIS trong quản lý tài nguyên môi trường

Đã lưu trong:
书目详细资料
Những tác giả chính:  GIS trong quản lý tài nguyên môi trường,  Lương, Văn Việt
格式: Sách
语言:Undetermined
出版:  Đại học Công nghiệp TP. Hồ Chí Minh  2023
主题:
标签: 添加标签
没有标签, 成为第一个标记此记录!
Thư viện lưu trữ: Trung tâm Thư viện - Trường Đại học Công nghiệp TP. Hồ Chí Minh
LEADER 00632nam a2200157Ia 4500
001 UIH_08181
008 241002s9999 xx 000 0 und d
082 |a  628 
100 |a  GIS trong quản lý tài nguyên môi trường 
100 |a  Lương, Văn Việt 
245 0 |a  GIS trong quản lý tài nguyên môi trường 
260 |b  Đại học Công nghiệp TP. Hồ Chí Minh 
260 |c  2023 
650 |a Hệ thống thông tin địa lý; Quản lý môi trường 
927 |a Sách 
980 |a Trung tâm Thư viện - Trường Đại học Công nghiệp TP. Hồ Chí Minh